[Event "4NCL Division 3 North"]
[Site "Doncaster, ENG"]
[Date "2018.05.05"]
[Round "9.63"]
[White "Potter, Steven"]
[Black "Patrick, David A"]
[Result "1-0"]
[WhiteElo "1840"]
[BlackElo "1888"]
[PlyCount "121"]
[EventDate "2018.05.05"]
[WhiteTeam "Manchester Manticores 3"]
[BlackTeam "Bradford DCA Knights B"]

1. d4 d5 2. Bg5 c6 3. e3 Qb6 4. Qc1 Bf5 5. Nf3 Nd7 6. Nbd2 e6 7. a3 h6 8. Bh4
Ngf6 9. c4 Ne4 10. c5 Qc7 11. Nxe4 Bxe4 12. Bg3 Qd8 13. Nd2 Bg6 14. Qc3 Be7 15.
Be2 O-O 16. O-O f5 17. b4 Nf6 18. a4 Nh5 19. b5 Nxg3 20. hxg3 Be8 21. bxc6 Bxc6
22. Bb5 Qd7 23. Rfb1 Rfc8 24. Nf3 Bf6 25. Qb4 g5 26. Bxc6 bxc6 27. Qb7 Qe8 28.
Qa6 g4 29. Ne1 e5 30. Nc2 Rc7 31. Ra3 exd4 32. Nxd4 Bxd4 33. exd4 Qe4 34. Qd3
Re8 35. f3 gxf3 36. gxf3 Qxd3 37. Rxd3 Re2 38. Kf1 Ra2 39. Rb4 Kf7 40. Rdb3 Ke7
41. Rb2 Rxb2 42. Rxb2 Kd7 43. a5 Kc8 44. a6 Re7 45. Kf2 h5 46. Rb1 Rh7 47. Rh1
Kd7 48. Ke3 Ke6 49. Rb1 Rg7 50. Kf4 h4 51. gxh4 Rh7 52. Rh1 Rh8 53. h5 Kf6 54.
h6 Rh7 55. Rh5 Ke6 56. Kg5 Kf7 57. Kxf5 Rh8 58. h7 Kg7 59. Ke6 Kg6 60. Rh3 Kg5
61. Kf7 1-0

[Event "4NCL Division 3 North"]
[Site "Doncaster, ENG"]
[Date "2018.05.05"]
[Round "9.64"]
[White "Dean, Robert A"]
[Black "Livesey, R Nigel"]
[Result "0-1"]
[WhiteElo "1851"]
[BlackElo "1780"]
[PlyCount "74"]
[EventDate "2018.05.05"]
[WhiteTeam "Bradford DCA Knights B"]
[BlackTeam "Manchester Manticores 3"]

1. e4 c6 2. c4 d5 3. cxd5 cxd5 4. exd5 Nf6 5. Nc3 a6 6. d4 Nxd5 7. Bd3 g6 8.
Nf3 Bg7 9. O-O O-O 10. Re1 Nc6 11. Nxd5 Qxd5 12. Be4 Qd6 13. Bxc6 bxc6 14. Bg5
Re8 15. Rc1 Be6 16. Qa4 Bd5 17. Ne5 f6 18. Nc4 Qc7 19. Bd2 Qb7 20. b3 Qb5 21.
Qa3 Bf8 22. Qb2 e6 23. Bf4 Rad8 24. h3 Qb4 25. Re2 Qb5 26. Rd2 Rd7 27. Ne3 Bb4
28. Rdd1 Qa5 29. Nxd5 Qxd5 30. Rc4 Bd6 31. Bxd6 Rxd6 32. Rdc1 e5 33. dxe5 Rxe5
34. Rg4 Qe6 35. Qc3 Re2 36. Ra4 Rdd2 37. Qxc6 Re1+ 0-1

[Event "4NCL Division 3 North"]
[Site "Doncaster, ENG"]
[Date "2018.05.05"]
[Round "9.65"]
[White "Gawne, Martin"]
[Black "McCarthy, Damian"]
[Result "0-1"]
[WhiteElo "1817"]
[BlackElo "1845"]
[PlyCount "86"]
[EventDate "2018.05.05"]
[WhiteTeam "Manchester Manticores 3"]
[BlackTeam "Bradford DCA Knights B"]

1. e4 e5 2. Nf3 Nf6 3. Nc3 Bb4 4. a3 Ba5 5. Bc4 d6 6. b4 Bb6 7. O-O O-O 8. h3
a5 9. Bb2 Nc6 10. b5 Nd4 11. a4 c6 12. d3 Be6 13. Bxe6 fxe6 14. Nxd4 Bxd4 15.
Qc1 Nh5 16. Ne2 Bxb2 17. Qxb2 c5 18. c4 b6 19. Qd2 g5 20. g3 Ra7 21. Kg2 Rg7
22. Ng1 Qf6 23. Qe3 Qg6 24. Rfe1 Rgf7 25. Ra2 Rf6 26. Kf1 Kf7 27. Ree2 Ke7 28.
Ke1 Nf4 29. gxf4 gxf4 30. Qf3 Qxg1+ 31. Kd2 Rg8 32. Re1 Qg5 33. Kc3 Rh6 34. Rh1
Qg2 35. Qxg2 Rxg2 36. Rd2 Kf6 37. Kc2 Kg5 38. Kd1 f3 39. Ke1 Kh4 40. Kf1 Rhg6
41. Rb2 Kg5 42. Rd2 Kf4 43. Rb2 Rh6 0-1

[Event "4NCL Division 3 North"]
[Site "Doncaster, ENG"]
[Date "2018.05.05"]
[Round "9.66"]
[White "Adam, David W"]
[Black "Pardoe, David"]
[Result "1-0"]
[WhiteElo "1814"]
[BlackElo "1765"]
[PlyCount "63"]
[EventDate "2018.05.05"]
[WhiteTeam "Bradford DCA Knights B"]
[BlackTeam "Manchester Manticores 3"]

1. c4 b6 2. Nc3 Bb7 3. Nf3 e6 4. e3 Bb4 5. Be2 Nf6 6. d3 O-O 7. O-O d5 8. Bd2
Nbd7 9. a3 Bd6 10. Rc1 a6 11. b4 c5 12. Qb3 cxb4 13. axb4 Qe7 14. Na4 dxc4 15.
dxc4 Ne4 16. Rfd1 Rac8 17. Be1 g5 18. Nc3 Nxc3 19. Bxc3 g4 20. Ne1 f5 21. c5
bxc5 22. Bc4 Kf7 23. Nd3 cxb4 24. Bxb4 Bxb4 25. Nf4 Rxc4 26. Rxc4 a5 27. Rc7
Bc8 28. Qc4 Bd6 29. Rxc8 Rxc8 30. Qxc8 a4 31. Qc6 Ne5 32. Qxd6 1-0

[Event "4NCL Division 3 North"]
[Site "Doncaster, ENG"]
[Date "2018.05.05"]
[Round "9.71"]
[White "Lyth, John D"]
[Black "Kildea, Robbie"]
[Result "1-0"]
[WhiteElo "1990"]
[BlackElo "1680"]
[PlyCount "141"]
[EventDate "2018.05.05"]
[WhiteTeam "Manchester Manticores 2"]
[BlackTeam "Enniscorthy"]

1. d4 Nf6 2. Nf3 g6 3. g3 Bg7 4. Bg2 c5 5. d5 d6 6. O-O b5 7. Re1 O-O 8. e4 Bg4
9. Nbd2 Qd7 10. a4 Rc8 11. axb5 Qxb5 12. h3 Bd7 13. Bf1 Qb7 14. Nc4 Bb5 15. c3
Nbd7 16. Na5 Qb6 17. c4 Ba6 18. Qa4 Bb7 19. Re3 Qc7 20. Bg2 Nb6 21. Qc2 Nfd7
22. Rea3 Ne5 23. Nd2 Rf8 24. f4 Ned7 25. Ndb3 Nb8 26. Nxb7 Qxb7 27. e5 Qc7 28.
Be3 N8d7 29. e6 Nxc4 30. Qxc4 Nb6 31. Qc2 f5 32. R1a2 Rfb8 33. Na5 Nc8 34. Nc4
Rb5 35. Ra5 Rb7 36. Ra6 Rab8 37. Bd2 Bd4+ 38. Kh2 Rb3 39. Na5 Rxb2 40. Rxb2
Rxb2 41. Qd3 Qb8 42. Nc6 Qb7 43. Nxd4 Rxd2 44. Qxd2 Qxa6 45. Nc6 Qa1 46. Qa5
Qxa5 47. Nxa5 Nb6 48. Kg1 Kf8 49. Kf2 Ke8 50. Ke2 Kf8 51. Kd3 h5 52. Bf3 Ke8
53. Nc4 Na8 54. Kc3 Nc7 55. Na3 Kf8 56. Kc4 a6 57. Kb3 Kg7 58. Ka4 c4 59. Kb4
Kf6 60. Kxc4 g5 61. Bxh5 gxf4 62. gxf4 Kg7 63. Kd4 Kf6 64. Be2 a5 65. Bd3 Nxe6+
66. dxe6 Kxe6 67. Bb5 Kf6 68. Nc4 Kg6 69. Nxd6 exd6 70. Kd5 Kh5 71. Kxd6 1-0

[Event "4NCL Division 3 North"]
[Site "Doncaster, ENG"]
[Date "2018.05.05"]
[Round "9.73"]
[White "Trueman, Glenn"]
[Black "Pocevicius, Dovydas"]
[Result "0-1"]
[WhiteElo "1930"]
[BlackElo "1654"]
[PlyCount "82"]
[EventDate "2018.05.05"]
[WhiteTeam "Manchester Manticores 2"]
[BlackTeam "Enniscorthy"]

1. d4 Nf6 2. c4 g6 3. Nc3 Bg7 4. e4 d6 5. Be2 O-O 6. Nf3 Nbd7 7. O-O c6 8. h3
Re8 9. e5 dxe5 10. dxe5 Nh5 11. g4 Qc7 12. gxh5 Nxe5 13. Nxe5 Bxh3 14. Nd3 Rad8
15. Bf4 e5 16. Bg3 f5 17. Qc2 f4 18. Bh2 Qe7 19. Bf3 Qg5+ 20. Kh1 Bxf1 21. Rxf1
gxh5 22. Rg1 Qh6 23. Ne4 Re6 24. Rg5 h4 25. Ndc5 Re7 26. Nb3 h3 27. c5 Red7 28.
Bg4 Rd3 29. Be2 R3d7 30. Rh5 Qe6 31. Bc4 Rd5 32. Ng5 Qg4 33. Rxh3 Qxg5 34. Rd3
e4 35. Rh3 Qg4 36. Rxh7 Qf3+ 37. Kg1 Kxh7 38. Be2 Rd1+ 39. Bxd1 Rxd1+ 40. Qxd1
Qxd1+ 41. Kg2 Qg4+ 0-1

[Event "4NCL Division 3 North"]
[Site "Doncaster, ENG"]
[Date "2018.05.05"]
[Round "9.75"]
[White "Webster, Richard J"]
[Black "Sidney, Will"]
[Result "1-0"]
[WhiteElo "1982"]
[BlackElo "1605"]
[PlyCount "87"]
[EventDate "2018.05.05"]
[WhiteTeam "Manchester Manticores 2"]
[BlackTeam "Enniscorthy"]

1. d4 Nf6 2. c4 g6 3. Nc3 Bg7 4. e4 d6 5. Nf3 O-O 6. Be2 Nbd7 7. O-O b6 8. e5
dxe5 9. dxe5 Ng4 10. e6 fxe6 11. Ng5 Nxf2 12. Rxf2 Rxf2 13. Kxf2 Qf8+ 14. Kg1
Nc5 15. Be3 Qf5 16. Qd8+ Bf8 17. Rf1 Bb7 18. Rxf5 Rxd8 19. Rf1 Bh6 20. h4 Ne4
21. Ncxe4 Bxe4 22. Bc1 Bxg5 23. Bxg5 Kg7 24. Bxe7 Rd2 25. Bf8+ Kg8 26. Bh6 Rd8
27. Rf6 Re8 28. Bg4 e5 29. Bd7 Rd8 30. Be6+ Kh8 31. Rf7 Bf5 32. Bxf5 gxf5 33.
Rxf5 e4 34. Rf8+ Rxf8 35. Bxf8 Kg8 36. Bh6 Kf7 37. Kf2 Kg6 38. Bf4 c6 39. g4 h5
40. gxh5+ Kxh5 41. Bg5 Kg4 42. Ke3 Kf5 43. Bd8 b5 44. c5 1-0

[Event "4NCL Division 3 North"]
[Site "Doncaster, ENG"]
[Date "2018.05.05"]
[Round "9.76"]
[White "Plaza Reino, Mateo"]
[Black "Jones, Neil T"]
[Result "0-1"]
[WhiteElo "1493"]
[BlackElo "1862"]
[PlyCount "80"]
[EventDate "2018.05.05"]
[WhiteTeam "Enniscorthy"]
[BlackTeam "Manchester Manticores 2"]

1. d4 Nf6 2. Bf4 d5 3. e3 c5 4. c3 Nc6 5. h3 Qb6 6. Qc2 g6 7. Nf3 Bf5 8. Qc1
Rc8 9. Nbd2 Bg7 10. Be2 O-O 11. O-O cxd4 12. Nxd4 Bd7 13. N2b3 Rfe8 14. Bh2 e5
15. Nxc6 Bxc6 16. Qd2 a5 17. Rfd1 a4 18. Nc1 Ne4 19. Qd3 Qxb2 20. Rb1 Qxc3 21.
Bf3 Qxd3 22. Rxd3 Nxf2 23. Kxf2 e4 24. Bxe4 dxe4 25. Rd1 Rcd8 26. Ne2 Rd3 27.
Nf4 Ra3 28. Rd2 Bc3 29. Rc2 Rd8 30. Rbc1 Bd2 31. Rd1 Bxe3+ 32. Ke1 Rxd1+ 33.
Kxd1 Bb6 34. Re2 e3 35. Bg1 Rc3 36. Rc2 Rxc2 37. Kxc2 Bb5 38. Kd1 e2+ 39. Nxe2
Bxe2+ 40. Kxe2 Bxg1 0-1

[Event "4NCL Division 3 North"]
[Site "Doncaster, ENG"]
[Date "2018.05.05"]
[Round "9.81"]
[White "Clark, Matthew DH"]
[Black "George, Andrew P"]
[Result "1/2-1/2"]
[WhiteElo "1907"]
[BlackElo "1867"]
[PlyCount "73"]
[EventDate "2018.05.05"]
[WhiteTeam "Shropshire 2"]
[BlackTeam "Ashfield-Breadsall 2"]

1. e4 c5 2. Nf3 d6 3. d4 cxd4 4. Nxd4 Nf6 5. Nc3 a6 6. Bg5 e6 7. f4 Be7 8. Qf3
Qc7 9. O-O-O b5 10. Bd3 Bb7 11. Rhe1 Nc6 12. Nxc6 Bxc6 13. Bxf6 gxf6 14. Qh5
Rf8 15. e5 O-O-O 16. exd6 Bxd6 17. g3 Bb4 18. f5 Bxc3 19. bxc3 Bd5 20. fxe6
fxe6 21. Kb2 f5 22. Qe2 f4 23. gxf4 Rxf4 24. Qe5 Rh4 25. Qxc7+ Kxc7 26. Rd2 Rg8
27. Ree2 Kc6 28. Rf2 Rg7 29. Rde2 a5 30. a3 Rb7 31. Rf6 Kc5 32. Rff2 Ra4 33.
Rf8 b4 34. cxb4+ axb4 35. axb4+ Kxb4 36. Kc1 Kc5 37. Kd2 1/2-1/2

[Event "4NCL Division 3 North"]
[Site "Doncaster, ENG"]
[Date "2018.05.05"]
[Round "9.82"]
[White "Flynn, David"]
[Black "Lewis, Christopher D"]
[Result "0-1"]
[WhiteElo "1864"]
[BlackElo "1892"]
[PlyCount "64"]
[EventDate "2018.05.05"]
[WhiteTeam "Ashfield-Breadsall 2"]
[BlackTeam "Shropshire 2"]

1. e4 c6 2. d4 d5 3. e5 c5 4. dxc5 Nc6 5. Nf3 Bg4 6. Bb5 e6 7. b4 Qc7 8. Bxc6+
Qxc6 9. O-O Ne7 10. Qd3 Nf5 11. Nbd2 a5 12. Nd4 Nxd4 13. Qxd4 Bf5 14. c3 Be7
15. Bb2 O-O 16. a3 Qa4 17. c4 Rfd8 18. Qc3 dxc4 19. Nxc4 Rd3 20. Qc1 Rad8 21.
Nxa5 Rd2 22. Nxb7 Rc2 23. Qe3 Rd3 24. Qe1 Rxb2 25. Nd6 Bg6 26. Nc4 Rc2 27. Rc1
Rdc3 28. Rxc2 Qxc2 29. Ne3 Qd3 30. Qd1 Rxa3 31. Qxd3 Bxd3 32. Rd1 Kf8 0-1

[Event "4NCL Division 3 North"]
[Site "Doncaster, ENG"]
[Date "2018.05.05"]
[Round "9.85"]
[White "Ross, Stuart"]
[Black "Hill, Maurice J"]
[Result "0-1"]
[WhiteElo "1675"]
[BlackElo "1771"]
[PlyCount "58"]
[EventDate "2018.05.05"]
[WhiteTeam "Shropshire 2"]
[BlackTeam "Ashfield-Breadsall 2"]

1. e4 c5 2. Nf3 a6 3. c3 d6 4. d4 Nd7 5. Be2 Qc7 6. d5 Ngf6 7. Qd3 g6 8. O-O
Bg7 9. Nbd2 O-O 10. a4 b6 11. Rb1 a5 12. Qc2 Ng4 13. h3 Nge5 14. Nxe5 dxe5 15.
Bb5 Nf6 16. Nf3 Ne8 17. Qe2 Nd6 18. Re1 h6 19. Bd2 Kh7 20. c4 f5 21. exf5 Bxf5
22. Nxe5 Nxb5 23. axb5 Bxb1 24. Nc6 Bf5 25. g4 Bd7 26. Qxe7 Rae8 27. d6 Rxe7
28. dxc7 Rxe1+ 29. Bxe1 Bxc6 0-1

[Event "4NCL Division 3 North"]
[Site "Doncaster, ENG"]
[Date "2018.05.05"]
[Round "9.91"]
[White "Darwen, David"]
[Black "Almazedi, Firas"]
[Result "1/2-1/2"]
[WhiteElo "1937"]
[BlackElo "1834"]
[PlyCount "81"]
[EventDate "2018.05.05"]
[WhiteTeam "3Cs 3"]
[BlackTeam "Bradford DCA Knights C"]

1. c4 e5 2. Nc3 Nc6 3. g3 Bc5 4. Bg2 a6 5. Nf3 d6 6. O-O Nge7 7. d3 O-O 8. a3
Ba7 9. b4 h6 10. b5 axb5 11. Nxb5 Bb6 12. Bb2 Be6 13. Rc1 Qd7 14. e4 f5 15. Ne1
f4 16. d4 exd4 17. Nxd4 fxg3 18. hxg3 Nxd4 19. Bxd4 Bxd4 20. Qxd4 Rxa3 21. Nc2
Ra4 22. Ne3 Nc6 23. Qd1 Ne5 24. c5 dxc5 25. Rxc5 Qxd1 26. Rxd1 Nc4 27. Nxc4
Rxc4 28. Rxc4 Bxc4 29. Rd7 Rf7 30. Rd8+ Kh7 31. e5 c6 32. Be4+ g6 33. Rd6 Re7
34. Rxg6 Rxe5 35. Re6+ Rxe4 36. Rxe4 b5 37. Rg4 Bd5 38. Kf1 c5 39. Ke1 b4 40.
Kd2 c4 41. Rd4 1/2-1/2

[Event "4NCL Division 3 North"]
[Site "Doncaster, ENG"]
[Date "2018.05.05"]
[Round "9.93"]
[White "Harman, George"]
[Black "Johnson, Paul A"]
[Result "0-1"]
[WhiteElo "1750"]
[BlackElo "1831"]
[PlyCount "163"]
[EventDate "2018.05.05"]
[WhiteTeam "3Cs 3"]
[BlackTeam "Bradford DCA Knights C"]

1. e4 e5 2. Nf3 Nc6 3. Bb5 a6 4. Ba4 Nf6 5. d3 d6 6. h3 b5 7. Bb3 Be7 8. Nc3
Bd7 9. Nd5 Nxd5 10. Bxd5 Rb8 11. Be3 O-O 12. O-O Bf6 13. c3 Qe7 14. Re1 Nd8 15.
Bb3 c5 16. Bc2 Nc6 17. d4 cxd4 18. cxd4 Rfc8 19. Rc1 exd4 20. Bxd4 Nxd4 21.
Nxd4 Bxd4 22. Qxd4 Rc4 23. Qd3 Qe5 24. Bb3 Rxc1 25. Rxc1 Rc8 26. Rd1 Rc6 27.
Bd5 Rc7 28. Ba8 Qxb2 29. Qxd6 Qc2 30. Rd2 Qc1+ 31. Kh2 h6 32. Bd5 Be8 33. Rd1
Qc5 34. e5 Qxd6 35. exd6 Ra7 36. Bf3 Bd7 37. Rc1 Kf8 38. Re1 Be6 39. Bc6 b4 40.
f4 g6 41. g4 a5 42. f5 gxf5 43. gxf5 Bxf5 44. Re8+ Kg7 45. Re7 Ra6 46. d7 Bxd7
47. Bxd7 Ra7 48. Re5 Rxd7 49. Rxa5 Rb7 50. Rf5 Ra7 51. Rf2 Ra3 52. Rg2+ Kf6 53.
h4 Ke5 54. Rb2 Ra4 55. Kg3 f5 56. Kf3 Ra3+ 57. Kg2 Ra4 58. Kf3 Kd5 59. Ke3 f4+
60. Kf3 Ke5 61. Kg4 Kf6 62. Rf2 h5+ 63. Kxf4 Ra5 64. Ke4+ Ke6 65. Kd4 Ra3 66.
Kc4 Rh3 67. Rf4 Ke5 68. Rf2 Rxh4+ 69. Kb3 Rd4 70. Rh2 h4 71. Rh3 Rg4 72. Ka4
Kf5 73. Kb5 Kg5 74. Rb3 Rg2 75. a4 bxa3 76. Rxa3 Rg3 77. Ra8 h3 78. Rg8+ Kf4
79. Rh8 Kf3 80. Kc4 Kg2 81. Kd4 h2 82. Rxh2+ 0-1

[Event "4NCL Division 3 North"]
[Site "Doncaster, ENG"]
[Date "2018.05.05"]
[Round "9.12"]
[White "Freeman, Gordon"]
[Black "Bak, Christopher"]
[Result "1-0"]
[WhiteElo "2175"]
[BlackElo "2041"]
[PlyCount "71"]
[EventDate "2018.05.05"]
[WhiteTeam "Gonzaga"]
[BlackTeam "Bradford DCA Knights A"]

1. d4 Nf6 2. Nf3 e6 3. g3 c5 4. c4 cxd4 5. Nxd4 a6 6. Bg2 Qc7 7. b3 Bb4+ 8. Bd2
Be7 9. Nc3 Nc6 10. Nc2 O-O 11. O-O b6 12. Bf4 Qa7 13. e4 Ne8 14. Be3 Bc5 15.
Nd4 Bb7 16. Re1 Nc7 17. Na4 d6 18. Nxc6 Bxc6 19. Nxc5 dxc5 20. Qg4 e5 21. Rad1
Ne6 22. f4 Qe7 23. fxe5 Rfd8 24. Rd5 a5 25. Red1 Kf8 26. Rd6 Rac8 27. Qh5 h6
28. Qf5 Kg8 29. h4 Qb7 30. a4 Re8 31. Qg4 Kf8 32. Qh5 Qe7 33. Bh3 Bxe4 34. Rd7
Bg6 35. Qe2 Nd4 36. Bxd4 1-0

[Event "4NCL Division 3 North"]
[Site "Doncaster, ENG"]
[Date "2018.05.05"]
[Round "9.24"]
[White "Bryant, Richard B E"]
[Black "Adams, Philip"]
[Result "1/2-1/2"]
[WhiteElo "2020"]
[BlackElo "2147"]
[PlyCount "46"]
[EventDate "2018.05.05"]
[WhiteTeam "Shropshire 1"]
[BlackTeam "3Cs 2"]

1. e4 c5 2. Nc3 g6 3. g3 Bg7 4. Bg2 Nc6 5. d3 d6 6. Be3 Rb8 7. a4 e6 8. Qd2 Nd4
9. Rb1 Ne7 10. Nd1 b5 11. axb5 Rxb5 12. c3 Nb3 13. Qc2 O-O 14. Ne2 Qc7 15. O-O
Bd7 16. Nc1 Rfb8 17. Nxb3 Rxb3 18. Ra1 a5 19. Bc1 a4 20. Ne3 Bc6 21. Re1 d5 22.
exd5 exd5 23. Nf1 Qb7 1/2-1/2

[Event "4NCL Division 3 North"]
[Site "Doncaster, ENG"]
[Date "2018.05.05"]
[Round "9.26"]
[White "Gostelow, David W"]
[Black "Taylor, Mike"]
[Result "1/2-1/2"]
[WhiteElo "1960"]
[BlackElo "1937"]
[PlyCount "49"]
[EventDate "2018.05.05"]
[WhiteTeam "Shropshire 1"]
[BlackTeam "3Cs 2"]

1. d4 d5 2. Bf4 c5 3. e3 g6 4. c3 Nc6 5. Nf3 f6 6. Nbd2 cxd4 7. exd4 Nh6 8. Bb5
Nf7 9. O-O Bg7 10. Re1 O-O 11. Re2 a6 12. Bxc6 bxc6 13. Qa4 Bd7 14. Qa3 Re8 15.
Rae1 e6 16. Nb3 Bf8 17. Nc5 Bxc5 18. Qxc5 Qe7 19. b4 g5 20. Bg3 f5 21. Be5 Qxc5
22. bxc5 g4 23. Nd2 Nxe5 24. Rxe5 Reb8 25. R5e2 1/2-1/2

[Event "4NCL Division 3 North"]
[Site "Doncaster, ENG"]
[Date "2018.05.05"]
[Round "9.34"]
[White "Purcell, Philip"]
[Black "Edwards, Simon R"]
[Result "1/2-1/2"]
[WhiteElo "2035"]
[BlackElo "1940"]
[PlyCount "48"]
[EventDate "2018.05.05"]
[WhiteTeam "Warwickshire Select 2"]
[BlackTeam "Cheddleton 2"]

1. d4 Nf6 2. c4 e6 3. Nc3 Bb4 4. e3 O-O 5. Bd3 c5 6. Nge2 d5 7. O-O b6 8. cxd5
cxd4 9. exd4 Nxd5 10. Nxd5 exd5 11. Qc2 g6 12. Bf4 Bd6 13. Rac1 Bg4 14. f3 Be6
15. Rfe1 Re8 16. Qd2 Qd7 17. Bxd6 Qxd6 18. Nf4 Nc6 19. Nxe6 Rxe6 20. Rxe6 Qxe6
21. Bb5 Rc8 22. Kf2 Ne7 23. Rxc8+ Qxc8 24. Qc3 Qd8 1/2-1/2

[Event "4NCL Division 3 North"]
[Site "Doncaster, ENG"]
[Date "2018.05.05"]
[Round "9.44"]
[White "Pearson, Raymond"]
[Black "Mort, Andrew J"]
[Result "1-0"]
[WhiteElo "1901"]
[BlackElo "1877"]
[PlyCount "37"]
[EventDate "2018.05.05"]
[WhiteTeam "Holmes Chapel"]
[BlackTeam "Spirit of Atticus B"]

1. c4 c5 2. Nf3 Nf6 3. Nc3 d5 4. cxd5 Nxd5 5. g3 Nc6 6. Bg2 Nc7 7. O-O e5 8. d3
Be7 9. Be3 Ne6 10. Rc1 O-O 11. Na4 Qa5 12. Bd2 Qd8 13. Be3 Qa5 14. a3 f6 15.
Nc3 Rb8 16. Nd5 Ned4 17. Bxd4 cxd4 18. Rxc6 bxc6 19. Nxe7+ 1-0

[Event "4NCL Division 3 North"]
[Site "Doncaster, ENG"]
[Date "2018.05.05"]
[Round "9.56"]
[White "Garnett, John S"]
[Black "Anderson, Paul W"]
[Result "1-0"]
[WhiteElo "1916"]
[BlackElo "1774"]
[PlyCount "59"]
[EventDate "2018.05.05"]
[WhiteTeam "Ashfield-Breadsall 1"]
[BlackTeam "Jorvik"]

1. d4 d5 2. Nf3 Nf6 3. e3 Bg4 4. h3 Bh5 5. g4 Bg6 6. Ne5 Nbd7 7. h4 h6 8. Nxg6
fxg6 9. Bd3 e6 10. Bxg6+ Ke7 11. b3 Nb6 12. Nd2 Kd7 13. Bb2 Be7 14. Qe2 Qf8 15.
O-O-O Ba3 16. g5 Ne8 17. e4 Bxb2+ 18. Kxb2 Qb4 19. Nb1 Nd6 20. c3 Qa5 21. exd5
Nxd5 22. Qe5 Raf8 23. Qxg7+ Kc6 24. Bc2 Rxf2 25. Qxh8 Ne3 26. Rd2 Rxd2 27. Nxd2
Nxc2 28. Kxc2 Qf5+ 29. Kc1 Qd3 30. d5+ 1-0

[Event "4NCL Division 3 North"]
[Site "Doncaster, ENG"]
[Date "2018.05.05"]
[Round "9.72"]
[White "Copeland, Dean"]
[Black "Timson, Paul F"]
[Result "1/2-1/2"]
[WhiteElo "1672"]
[BlackElo "1952"]
[PlyCount "30"]
[EventDate "2018.05.05"]
[WhiteTeam "Enniscorthy"]
[BlackTeam "Manchester Manticores 2"]

1. e4 c5 2. d4 cxd4 3. c3 dxc3 4. Nxc3 Nc6 5. Nf3 g6 6. Bc4 Bg7 7. O-O Nf6 8.
Qe2 O-O 9. Rd1 Qa5 10. h3 d6 11. Bd2 Qh5 12. Bf4 a6 13. a3 b5 14. Ba2 Bb7 15.
Rac1 Rac8 1/2-1/2

[Event "4NCL Division 3 North"]
[Site "Doncaster, ENG"]
[Date "2018.05.05"]
[Round "9.83"]
[White "Hinchcliffe, Gary"]
[Black "Taylor, Robert P"]
[Result "1/2-1/2"]
[WhiteElo "1892"]
[BlackElo "1787"]
[PlyCount "58"]
[EventDate "2018.05.05"]
[WhiteTeam "Shropshire 2"]
[BlackTeam "Ashfield-Breadsall 2"]

1. d4 Nc6 2. Nf3 d5 3. Bf4 Nf6 4. h3 g6 5. e3 a6 6. Nbd2 Bg7 7. c3 O-O 8. Bd3
e6 9. Qe2 Re8 10. Ne5 Nxe5 11. Bxe5 Nd7 12. Bxg7 Kxg7 13. Nf3 c5 14. O-O b5 15.
b4 cxd4 16. cxd4 Bb7 17. Rfc1 Rc8 18. Qd1 Qe7 19. Qb3 Nb6 20. Be2 Rc7 21. Ne1
Rec8 22. Nd3 Rxc1+ 23. Rxc1 Rxc1+ 24. Nxc1 Qc7 25. Qb2 Na4 26. Qd2 e5 27. Bd1
Nb6 28. Nb3 Nc4 29. Qc3 e4 1/2-1/2

[Event "4NCL Division 3 North"]
[Site "Doncaster, ENG"]
[Date "2018.05.05"]
[Round "9.86"]
[White "Lavelle, Terry"]
[Black "Peck, Windsor W A"]
[Result "1-0"]
[WhiteElo "1565"]
[BlackElo "1555"]
[PlyCount "43"]
[EventDate "2018.05.05"]
[WhiteTeam "Ashfield-Breadsall 2"]
[BlackTeam "Shropshire 2"]

1. e4 e6 2. Qe2 b6 3. g3 Bb7 4. Bg2 f5 5. Nc3 Nf6 6. d3 Bc5 7. Be3 Bb4 8. f3
O-O 9. Nh3 fxe4 10. fxe4 h6 11. O-O e5 12. Rf5 d6 13. Raf1 Bc8 14. Rxf6 Rxf6
15. Rxf6 Bxc3 16. Rxh6 Qe8 17. Rh4 Bxb2 18. Ng5 Bd4 19. Bxd4 exd4 20. Qf2 Nc6
21. e5 Bb7 22. Bd5+ 1-0

[Event "4NCL Division 3 North"]
[Site "Doncaster, ENG"]
[Date "2018.05.05"]
[Round "9.92"]
[White "Bramson, Mike"]
[Black "Ye, Kevin"]
[Result "0-1"]
[WhiteElo "1826"]
[BlackElo "1832"]
[PlyCount "120"]
[EventDate "2018.05.05"]
[WhiteTeam "Bradford DCA Knights C"]
[BlackTeam "3Cs 3"]

1. e4 e5 2. Nf3 Nc6 3. Bc4 Nf6 4. d3 Bc5 5. O-O d6 6. h3 O-O 7. Nc3 Na5 8. Bb3
Nxb3 9. axb3 c6 10. Be3 Bb6 11. Qd2 Bd7 12. Ne2 Re8 13. Ng3 Bxe3 14. fxe3 d5
15. Rad1 Qb6 16. Nh4 Qd8 17. Qf2 Be6 18. Nhf5 g6 19. Nd6 Qxd6 20. Qxf6 Qd8 21.
Qxe5 Bxh3 22. Qf4 Be6 23. Rd2 Qe7 24. Rdf2 Rad8 25. Qh6 Qf8 26. Qh4 Qe7 27. Rf6
Rd7 28. Qg5 Kh8 29. R1f4 Qf8 30. e5 Qg7 31. d4 Kg8 32. Rh4 a6 33. Rh6 b6 34.
Nf1 c5 35. c3 Rb7 36. Nd2 Bf5 37. g4 Bxg4 38. Rh4 Bf5 39. Nf3 Re6 40. Rxe6 fxe6
41. Kh2 Qf8 42. Rf4 Rf7 43. Qg3 Be4 44. Ng5 Rxf4 45. exf4 Qh6+ 46. Kg1 Qh1+ 47.
Kf2 Bf5 48. dxc5 bxc5 49. Qe3 Qh2+ 50. Ke1 Qxb2 51. Qxc5 Qc1+ 52. Ke2 Bg4+ 53.
Nf3 Qc2+ 54. Ke3 Qe4+ 55. Kd2 Qxf4+ 56. Kc2 Qxf3 57. Qc8+ Qf8 58. Qxa6 Qf2+ 59.
Kc1 Bf5 60. Kd1 Qc2+ 0-1

[Event "4NCL Division 3 North"]
[Site "Doncaster, ENG"]
[Date "2018.05.05"]
[Round "9.94"]
[White "Baxter, Harold"]
[Black "Doherty, Paul"]
[Result "1/2-1/2"]
[WhiteElo "1863"]
[BlackElo "1697"]
[PlyCount "72"]
[EventDate "2018.05.05"]
[WhiteTeam "Bradford DCA Knights C"]
[BlackTeam "3Cs 3"]

1. Nf3 f5 2. d4 Nf6 3. g3 e6 4. Bg2 Be7 5. c4 O-O 6. Nc3 Ne4 7. Qd3 Nxc3 8.
Qxc3 Bf6 9. O-O Qe8 10. Bf4 d6 11. c5 Qe7 12. cxd6 cxd6 13. Qa3 Rd8 14. Rac1
Na6 15. h4 h6 16. Rfd1 Nc7 17. Ne1 g5 18. hxg5 hxg5 19. Be3 Kf7 20. Qb3 Rh8 21.
Nd3 Kg6 22. f4 g4 23. Kf2 Rb8 24. Nb4 Ra8 25. Qc4 Ne8 26. Rh1 d5 27. Qc3 Bd7
28. Rxh8 Bxh8 29. Rh1 Bg7 30. Nd3 Rc8 31. Qd2 Nd6 32. b3 b6 33. Ne5+ Bxe5 34.
fxe5 Nf7 35. Bf4 Bb5 36. Rc1 Qd7 1/2-1/2

[Event "4NCL Division 3 North"]
[Site "Doncaster, ENG"]
[Date "2018.05.05"]
[Round "9.95"]
[White "Abbas, Ahmed C"]
[Black "Mahoney, Nicholas"]
[Result "1/2-1/2"]
[WhiteElo "1652"]
[BlackElo "1707"]
[PlyCount "61"]
[EventDate "2018.05.05"]
[WhiteTeam "3Cs 3"]
[BlackTeam "Bradford DCA Knights C"]

1. e4 e5 2. Nf3 Nc6 3. Bc4 Bc5 4. c3 Nf6 5. d3 a6 6. Bb3 d6 7. Nbd2 Bg4 8. h3
Bh5 9. Nf1 Bg6 10. Ng3 Qd7 11. Qe2 O-O-O 12. Be3 Bxe3 13. Qxe3 Kb8 14. O-O-O
Rhe8 15. Nh4 d5 16. Nhf5 Bxf5 17. Nxf5 Na5 18. Bc2 d4 19. Qe1 Nc6 20. g4 g6 21.
Ng3 dxc3 22. Qxc3 Nd4 23. Kb1 Re6 24. Rc1 Nxc2 25. Rxc2 Rc6 26. Qb3 Qxd3 27.
Qxd3 Rxd3 28. Rxc6 bxc6 29. Kc2 Rd4 30. Re1 Nd7 31. f3 1/2-1/2

[Event "4NCL Division 3 North"]
[Site "Doncaster, ENG"]
[Date "2018.05.05"]
[Round "9.96"]
[White "Ther, Mate"]
[Black "Harman, Daryl"]
[Result "1-0"]
[WhiteElo "1590"]
[BlackElo "1015"]
[PlyCount "31"]
[EventDate "2018.05.05"]
[WhiteTeam "Bradford DCA Knights C"]
[BlackTeam "3Cs 3"]

1. e4 e5 2. Nf3 Nc6 3. Bb5 Nf6 4. O-O Be7 5. Re1 O-O 6. c3 a6 7. Ba4 d6 8. h3
Be6 9. d4 b5 10. Bc2 Nd7 11. d5 Bxd5 12. exd5 Na5 13. b3 Bf6 14. Bh6 gxh6 15.
Qd3 e4 16. Qxe4 1-0